000 00873nam a2200265Ia 4500
003 OSt
005 20220928102114.0
006 a|||||r|||| 00| 0
007 ta
008 220927b |||||||| |||| 00| 0 eng d
020 _cUKP 95.00
024 _a132573
037 _b121, 21/02/2017, N.R.Book Distributors
_cTextual
040 _aSDCL
_cSDCL
_beng
041 _2eng
_aeng
082 _aL:433:f3, Q6
100 _aRazzaghi-Abyaneh Mehdi Ed.
_9396627
245 0 _aMedical mycology
_b Current trends and future prospects
260 _aBoca Raton
_b CRC Press
_c2016
300 _a1-434p
_ccm.
650 _aMicrobiology
700 _a Shams-Ghahfarokhi Masoomeh Ed.
_9396628
942 _hL:433:f3, Q6
_cTEXL
_2CC
999 _c712376
_d712376